00604nam a22001937a 4500003001100000005001700011008004100028020001500069040003900084041000800123082001300131100002200144245002500166260003800191300006900229490005800298650001700356650003700373LK-CoMWRAF20231130150113.0231117b1998 |||||||| |||| 00| 0 eng d a8125024743 aLK-CoMWRAFdLK-CoMWRAFeLK-CoMWRAF aeng a923bWYR a Wyrick, Deborah  aFanon for beginners  aHyderabad:bOrient Longman,c1998 a184 p.: ill. ; 23 cmbBibliography, glossary and index included aWriters and Readers beginners documentary comic book  aFANON FRANTZ aFanon-Political and social views